Yüklüyor......

Principles of behavior : an introduction to behavior theory

Detaylı Bibliyografya
Yazar: Hull, Clark L
Materyal Türü: Printed Book
Dil:Undetermined
English
Baskı/Yayın Bilgisi: New York Appleton - century crofts Inc 1943
Konular:
LEADER 00633nam a2200181Ia 4500
008 140306s9999 xx 000 0 und d
041 |a eng 
082 |a 156  |b HUL 
100 |a Hull, Clark L 
245 |a Principles of behavior : an introduction to behavior theory 
260 |a New York  |b Appleton - century crofts Inc  |c 1943 
300 |a 415 
650 |a Animal behavior 
650 |a animal behavior - biological aspects 
650 |a stimulus generalization 
942 |2 ddc  |c BK 
999 |c 52402  |d 52402 
952 |0 0  |1 0  |2 ddc  |4 0  |6 156_000000000000000_HUL  |7 0  |9 68725  |a KAUACV  |b KAUACV  |d 2004-05-06  |o 156 HUL  |p KAU_ACV-4762  |r 2014-03-22  |w 2014-03-22  |y BK